000 04214cam a22005895a 4500
001 L145074
002 17409
008 080904s2008 xxkadeof 001 0 eng d
020 _a9781856175210
035 _a(Sirsi) u145074
041 0 _aeng
050 0 4 _a690.22 $2 18
100 1 _aHughes, Phil
245 0 0 _aIntroduction to health and safety in construction
_bthe handbook for construction professionals and students on NEBOSH and other construction courses
250 _a3rd ed.
260 _aOxford
_bButterworth Heinemann
_c2008
300 _axxvii, 598 p.
_bill.
_c30cm.
350 _a£41.99
505 2 _aHealth and safety foundations -- Policy -- Organizing for health and safety -- Promoting a positive health and safety culture -- Risk assessment -- Principles of control -- Monitoring review and audit -- Incident investigation, recording and reporting -- Construction law and management -- Construction site issues: hazards and control -- Movement of people and vehicles: hazards and control -- Manual and mechanical handling hazards and control -- Work equipement hazards and control -- Electrical hazards and control -- Fire hazards and control -- Chemical and biological health hazards and control -- Physical and psychological health hazards and control -- Work at height: hazards and control -- Excavation work and confined spaces: hazards and control -- Demolition: hazards and control -- Summary of the main legal requirements -- International aspects of health and safety in construction -- Study skills -- Specimen answers to NEBOSH examinations
520 _aDiscusses the challenges faced by the construction industry and the challenges of occupational health and safety in general. This edition incorporates the NEBOSH National Certificate in Construction Safety and Health, and a new chapter (9) on construction law and management. Includes the latest changes in legislation: the Regulatory Reform Fire Safety Order 2004, the Control of Asbestos Regulations, the Hazardous Waste (England and Wales) Regulations, and the new Construction (Design and Management) Regulations. Contains some new examination questions. The book is a standard text for students but can also be used as a guide for managers who are responsible with health and safety and for safety representatives.
590 _aKA
650 2 4 _aMANAGEMENT OF HEALTH AND SAFETY AT WORK (AMENDMENT) REGULATIONS 2006
650 2 4 _aMANUAL HANDLING OPERATIONS REGULATIONS 1992
650 2 4 _aCONTROL OF NOISE AT WORK REGULATIONS 2005
650 2 4 _aWORK AT HEIGHT REGULATIONS 2005
650 2 4 _aWORK AT HEIGHT (AMENDMENT) REGULATIONS 2007
650 2 4 _aHEALTH AND SAFETY AT WORK ETC ACT 1974
650 2 4 _aENVIRONMENTAL PROTECTION ACT 1990
650 2 4 _aNEW ROADS AND STREET WORKS ACT 1991
650 2 4 _aCONTROL OF ASBESTOS REGULATIONS 2006
650 2 4 _aCHEMICALS (HAZARD INFORMATION AND PACKAGING FOR SUPPLY) REGULATIONS 2002
650 2 4 _aCONFINED SPACES REGULATIONS 1997
650 2 4 _aCONSTRUCTION (DESIGN AND MANAGEMENT) REGULATIONS 2007
650 2 4 _aCONSTRUCTION (HEAD PROTECTION) REGULATIONS 1989
650 2 4 _aHEALTH AND SAFETY (CONSULTATION WITH EMPLOYERS) REGULATIONS 1996
650 2 4 _aCONTROL OF SUBSTANCES HAZARDOUS TO HEALTH REGULATIONS 2002
650 2 4 _aCONTROL OF SUBSTANCES HAZARDOUS TO HEALTH (AMENDMENT) REGULATIONS 2004
650 2 4 _aDANGEROUS SUBSTANCES AND EXPLOSIVE ATMOSPHERES REGULATIONS 2002
650 2 4 _aHEALTH AND SAFETY (DISPLAY SCREEN EQUIPMENT) REGULATIONS 1992
650 2 4 _aELECTRICITY AT WORK REGULATIONS 1989
650 2 4 _aEMPLOYERS LIABILITY (COMPULSORY INSURANCE) ACT 1969
650 2 4 _aEMPLOYERS LIABILITY (COMPULSORY INSURANCE) REGULATIONS 1998
650 2 4 _aCONTROL OF LEAD AT WORK REGULATIONS 2002
650 2 4 _aMANAGEMENT OF HEALTH AND SAFETY AT WORK REGULATIONS 1999
650 2 4 _aMANAGEMENT OF HEALTH AND SAFETY AT WORK (AMENDMENT) REGULATIONS 2003
650 2 4 _aMANUAL HANDLING OPERATIONS (AMENDMENT) REGULATIONS 2002
651 4 _aUnited Kingdom
_y
690 _aHealth and safety
_96244
690 _aBUILT ENVIRONMENT-CONSTRUCTION MANAGEMENT-CONSTRUCTION DESIGN AND MANAGEMENT
700 1 _aFerrett, Ed
942 _n0
999 _c108687
_d108687